000 00484nam a2200217Ia 4500
003 OSt
005 20220924142859.0
006 a|||||r|||| 00| 0
007 ta
008 ASM
024 _a303672
037 _cTextual
040 _aARTS
_cARTS
_bASM
041 _2ASM
_aASM
082 _aO158:g, M7
100 _aSharma
_9101321
245 0 _aSahityat bastabar swapna
260 _c1987
942 _hO158:g, M7
_cTEXL
_2CC
999 _c452313
_d452313